000 00690nam a2200217Ia 4500
003 OSt
005 20250311143559.0
008 210716s2006 xx 000 0 und d
020 _a8131404773
040 _cAIMIT LIBRARY
041 _aeng
082 _a658.4062
_21
_bSATD
245 _aCombating spam /
_cEdited by D Satish and K Rajesh Prabhakar.
250 _a1st ed.
260 _aHyderabad :
_bICFAI University Press ;
_c2006.
300 _avi; 192p. ;
_bPB
_c23 cm.
650 _aMachine learning techniques in spam filtering
_9205597
650 _aCombating web spam with trustrank
_9205598
700 _aPrabhakar, K Rajesh.
_9205599
942 _2ddc
_cBK
_e1st ed.
_k658.4062 SATD
999 _c202300
_d202300